Inventari del fons Ventura Gassol de l'Arxiu Nacional de Catalunya / edició a cura de Jaume Codina i Vilà
Descripción Física:
466 p. ; 18 cm
Colección:
Guies, inventaris i catàlegs. Inventaris ; 3
Otros Autores:
Codina i Vilà, Jaume, ed
MARC
| LEADER | 00000nam a2200000Ia 4500 | ||
|---|---|---|---|
| 001 | 8332 | ||
| 008 | 160829s1988 xx 000 0 cat d | ||
| 080 | |a A-2-45 | ||
| 110 | 2 | |a Arxiu Nacional de Catalunya |9 55117 | |
| 245 | |a Inventari del fons Ventura Gassol de l'Arxiu Nacional de Catalunya / edició a cura de Jaume Codina i Vilà | ||
| 260 | |a Barcelona : |b Generalitat de Catalunya, Departament de Cultura, |c 1988 | ||
| 300 | |a 466 p. ; |c 18 cm | ||
| 490 | |a Guies, inventaris i catàlegs. Inventaris ; 3 | ||
| 590 | |a A la part superior de la portada: Direcció General del Patrimoni Cultural, Servei d'Arxius | ||
| 610 | 2 | 0 | |a Arxiu Nacional de Catalunya |v Catàlegs |9 56080 |
| 650 | |a Gassol, Ventura |x Arxius |x Catàlegs |9 27830 | ||
| 700 | |a Codina i Vilà, Jaume, ed. |9 27831 | ||
| 710 | 2 | |a Catalunya. |b Departament de Cultura |9 52819 | |
| 710 | 1 | |a Catalunya. |b Servei d'Arxius |9 2924 | |
| 901 | |a Arxiu | ||
| 942 | |n 1 | ||
| 952 | |0 0 |1 0 |4 0 |6 A245 |7 1 |9 44564 |a Arxiu |b Arxiu |d 2016-12-01 |l 0 |o A-2-45 |p 8332 |r 2016-12-01 00:00:00 |w 2016-12-01 |y ARXIU | ||
| 999 | |c 47145 |d 47145 | ||